| 000 | 00659nam a2200241Ia 4500 | ||
|---|---|---|---|
| 003 | OSt | ||
| 005 | 20220925214721.0 | ||
| 006 | a|||||r|||| 00| 0 | ||
| 007 | ta | ||
| 008 | 220923b |||||||| |||| 00| 0 eng d | ||
| 037 | _cGeneral Book | ||
| 040 |
_aRTL _cRTL _beng |
||
| 041 |
_2eng _aeng |
||
| 082 | _aX723.3.N5, K7 | ||
| 100 |
_aCaird James _9281005 |
||
| 245 | 0 | _aLanded interest and the supply of food | |
| 250 | _a5th | ||
| 260 |
_aLondon _bFrank Cass UK _c1967 |
||
| 300 |
_axx, 184p. Appendix p 177-84 _ccm. |
||
| 650 | _aLand Taxation | ||
| 942 |
_hX723.3.N5, K7 _cGB _2CC |
||
| 999 |
_c566388 _d566388 |
||